Flugziele vom Flughafen Kassel-Calden (KSF) - Statistiken

Allgemein
  • Dieses Quiz wurde 85 mal gespielt
  • Das Durchschnittsergebnis liegt bei 4 aus 7
Antwortstatistiken
Land Airline(s) Flughafen % Korrekt
S Spanien Alba Star,Sundair Palma de Mallorca / PMI
92%
G Türkei Cordendon Antalya / AYT
86%
S Deutschland Rhein-Neckar-Air Westerland / GWT
61%
S Griechenland Sundair Heraklion / HER
53%
S Italien Sky Alps Bozen / BZO
47%
W Spanien Smartwings Gran Canaria / LPA
39%
S Deutschland Rhein-Neckar-Air Heringsdorf / HDF
24%
Keine übereinstimmenden Quizze gefunden
Verteilung der Resultate
Anzahl Personen mit jedem Resultat
Perzentil nach korrekt beantworteten Fragen
Ihre Resultats-Entwicklung
Sie haben dieses Quiz noch nicht gespielt